Automatic Control of atmospheric and space flight vehicles; design and analysis with MATLAB and Simulink (Record no. 327424)

000 -LEADER
fixed length control field 00399 a2200133 4500
001 - CONTROL NUMBER
control field 92351
082 ## - DEWEY DECIMAL CLASSIFICATION NUMBER
Classification number 629.4742 ASH
090 ## - LOCALLY ASSIGNED LC-TYPE CALL NUMBER (OCLC); LOCAL CALL NUMBER (RLIN)
-- 44319
-- 44320
100 ## - MAIN ENTRY--PERSONAL NAME
Personal name Ashish Tewari
245 ## - TITLE STATEMENT
Title Automatic Control of atmospheric and space flight vehicles; design and analysis with MATLAB and Simulink
260 ## - PUBLICATION, DISTRIBUTION, ETC.
Place of publication, distribution, etc. London
Name of publisher, distributor, etc. Birkhauser
Date of publication, distribution, etc. 2011
300 ## - PHYSICAL DESCRIPTION
Extent xiv, 374 p.
500 ## - GENERAL NOTE
General note BE textbook Aerospace
942 ## - ADDED ENTRY ELEMENTS (KOHA)
Institution code [OBSOLETE] NUST-CAE
Call number prefix 629.4742 ASH
Holdings
Withdrawn status Lost status Damaged status Not for loan Collection code Permanent Location Current Location Date acquired Total Checkouts Full call number Barcode Date last seen Price effective from Koha item type
          College of Aeronautical Engineering (CAE) College of Aeronautical Engineering (CAE) 04/03/2017   629.4742 ASH CAE88608 04/05/2017 04/05/2017 Book
© 2023 Central Library, National University of Sciences and Technology. All Rights Reserved.